00515 2200193 4500001002100000005001500021008004100036020002200077035001900099041000700118082001100125090001800136100001300154245008400167260002100251300002300272500001000295650001600305INLIS00000000000182820241224112425241224||||||||| | ||| |||| || |  a978-602-8545-16-7 0010-1224001828 aid0 a371.36 a371.636 DAR m0 adaryanto00aMedia pembelajaran peranannya sangat penting dalam mencapai tujuan pembelajaran bgava mediac2013 aix,191 hlm .;21 cm acet.2 0aIlmu Sosial